Comparative study of relative effectiveness of different methods of assertiveness training on students anxiety self concept and introversion-extroversion (Record no. 86706)

MARC details
000 -LEADER
fixed length control field 00444nam a2200133Ia 4500
008 - FIXED-LENGTH DATA ELEMENTS--GENERAL INFORMATION
fixed length control field 230917s9999||||xx |||||||||||||| ||und||
040 ## - CATALOGING SOURCE
-- 91458
Original cataloging agency VIVEKANANDA LIBRARY
041 ## - Language
-- English
082 ## - DDC NUMBER
Classification number 370.1523 D954C
100 ## - MAIN ENTRY--PERSONAL NAME
Personal name Dutt, Suresh Chander
245 #0 - TITLE STATEMENT
Title Comparative study of relative effectiveness of different methods of assertiveness training on students anxiety self concept and introversion-extroversion
300 ## - PHYSICAL DESCRIPTION
Pages iii, 49 p.
942 ## - ADDED ENTRY ELEMENTS (KOHA)
Koha item type Thesis
Holdings
Withdrawn status Lost status Damaged status Not for loan Location (home branch) Sublocation or collection (holding branch) Shelving location Date acquired Koha issues (times borrowed) Koha full call number Accession No. Koha date last seen Koha item type
        VIVEKANANDA LIBRARY VIVEKANANDA LIBRARY Reference 27/05/2003   370.1523 D954C 165764 17/09/2023 Thesis
© Designed and Maintained by Vivekananda Library, MDU Rohtak